00806cem a2200217 4500020002400000082003100024100002600055245006900081260004100150300005500191490002400246500002200270500006000292526003700352650003200389650001300421650002700434942001200461999001900473952009600492 a0306803321 (pbk.) :00a355.009bBANcL-30II, P-811 aBanks, Arthur.94704412aA world atlas of military history, 1861-1945 /cby Arthur Banks. aNew York :bDa Capo,c[1988], c1978. a1 atlas ([9], 160, [22]) :bchiefly maps ;c23 cm.0 aA Da Capo paperback aIncludes indexes. aReprint. Originally pub.: London : Seely Service, 1978. a0b0c0d355_009000000000000_BAN 0aHistorical geography947033 0aMCE9379 0aMilitary history91735 2ddccBK c550345d550345 00102ddc4070aMCEbMCEd2014-10-31l0o355.009 BANpMCE-8591r2014-10-31w2021-03-14yBK